Fußballvereine von Bojan Krkić - Statistiken

Allgemein
  • Dieses Quiz wurde 29 mal gespielt
  • Das Durchschnittsergebnis liegt bei 3 aus 9
Antwortstatistiken
Spiele Tore Vorlagen Verein % Korrekt
163 41 19 FC Barcelona
100%
11 1 1 1. FSV Mainz 05
78%
85 16 3 Stoke City FC
52%
37 7 1 AS Rom
37%
27 3 3 AC Mailand
30%
31 7 4 CF Montréal
22%
32 5 6 Ajax Amsterdam
15%
26 1 3 Vissel Kobe
15%
15 1 0 Deportivo Alavés
0%
Keine übereinstimmenden Quizze gefunden
Verteilung der Resultate
Anzahl Personen mit jedem Resultat
Perzentil nach korrekt beantworteten Fragen
Ihre Resultats-Entwicklung
Sie haben dieses Quiz noch nicht gespielt